000 00497nam a2200193Ia 4500
005 20250508152521.0
008 008 250505s9999 xx 000 0 hin d
037 _aTextual
040 _aFEDL
_beng
_cFEDL
041 _ahin
_2eng
084 _a080, TAG
_qFEDL
100 _aTagore Rabindranath
245 0 _aSankalan
260 _aCalcutta, India
_bViwabharti Ganthalaya
_c1958
300 _a281p.
365 _aINR
_b3
942 _cTEXL
_h080, TAG
999 _c1336934
_d1336934